000 00733nam a2200193 4500
008 170217b xxu||||| |||| 00| 0 eng d
020 _a0-07-138875-3
082 _22004
_aDC 616.025
_bEm32
245 _aEmergency medicine:
_ba comparative study/
_cedited by Judith E. Tintinalli, Gabor D. Kelen and J. Stephen Stapczynski.
250 _aSixth Edition
260 _aNew York:
_bMcGraw-Hill,
_cc2004.
300 _axxxix, 2043 pages:
_billustrations;
_c28 cm.
500 _aIncludes bibliographical references and index.
650 0 _918836
_aEmergency medicine.
700 _918837
_aTintinalli, Judith E.
_eeditor
700 _918838
_aKelen, Gabor D.
_eeditor
700 _918839
_aStapczynski, J. Stephen
_eeditor
942 _2ddc
_cDC
999 _c6247
_d6247